Pays par Moyenne d'Âge la plus Haute - Statistiques

Statistiques générales
  • Ce quiz a été pris 70 fois
    69 depuis la dernière actualisation
  • Le résultat moyen est 8 sur 20
Statistiques - réponses
Âge médian Pays % Correct
46,9 Japon
82%
46,8 Allemagne
70%
45,1 Italie
62%
42,3 Espagne
61%
42,2 Suisse
57%
52,4 Monaco
46%
42,4 Finlande
44%
43,7 Andorre
39%
44,2 Grèce
39%
42,5 Pays-Bas
39%
44,2 Saint-Marin
39%
43,8 Autriche
33%
43,3 Lettonie
33%
42,7 Croatie
31%
42,4 Estonie
31%
42,9 Liechtenstein
30%
43,4 Lituanie
30%
42,3 Serbie
28%
42,4 Bulgarie
21%
44,1 Slovénie
18%
Aucun quiz correspondant
Distribution des résultats
% des personnes avec chaque résultat
Percentile par nombre de réponses
Votre historique - résultats
Vous n’avez pas pris ce quiz depuis la dernière actualisation